000
00264nam a2200109 a 4500
005
20140414093847.0
008
110304s19uu xx 00 eng d
050
_a
CD 371.2
_b
Sp3 no.1
245
_a
Specimen papers and marksheme.
942
_c
AVM
999
_c
109708
_d
109708